[Event "MetroWest CC Spring op"]
[Site "Natick"]
[Date "2000.04.11"]
[Round "2"]
[White "Curdo, John"]
[Black "Penta, Jeff"]
[Result "1-0"]
[WhiteElo "2305"]
[BlackElo "1813"]
[PlyCount "67"]
[EventDate "2000.??.??"]
[EventType "swiss"]
[EventRounds "3"]
[EventCountry "USA"]
[SourceTitle "EXT 2005"]
[Source "ChessBase"]
[SourceDate "2004.11.15"]
[SourceVersion "1"]
[SourceVersionDate "2004.11.15"]
[SourceQuality "1"]

1. e4 c5 2. Nf3 d6 3. Bb5+ Nd7 4. 0-0 Ngf6 5. Qe2 g6 6. c3 a6 7. Ba4 Bg7 8. d4 b5 9. Bc2 Qc7 10. a4 bxa4 11. Bxa4 0-0 12. e5 dxe5 13. dxe5 Ng4 14. e6 Nde5 15. Nxe5 Nxe5 16. f4 Nc6 17. exf7+ Kh8 18. Be3 Rxf7 19. Bxc5 e5 20. Nd2 Ne7 21. b4 Nd5 22. fxe5 Nxc3 23. Qc4 Rxf1+ 24. Qxf1 Nxa4 25. Rxa4 Qxe5 26. Nc4 Qe8 27. Ra3 Be6 28. Nb6 Rd8 29. h3 Bg8 30. Rxa6 Bb3 31. Ra7 Qe4 32. Re7 Bd4+ 33. Kh1 Be5 34. Nd7 1-0